000 00667nam a2200265Ia 4500
003 OSt
005 20221006155451.0
006 a|||||r|||| 00| 0
007 ta
008 221006b |||||||| |||| 00| 0 chi d
020 _cYu 0.37
024 _a42,058
037 _bGift,
_cTextual
040 _aEASL
_cEASL
_bchi
041 _2chi
_achi
082 _aO41,2WA, M1
100 _aWang Yang
_9669340
245 0 _aZhumachangshou
260 _aAnwei
_bAnwei Renmin Dabanshe China
_c1981
300 _a154p.
_ccm.
490 _v CL
650 _aCL
_9642733
942 _hO41,2WA, M1
_cTEXL
_2CC
999 _c1110144
_d1110144